| 000 | 01286cam a22003014a 4500 | ||
|---|---|---|---|
| 999 |
_c28029 _d28029 |
||
| 001 | 204140 | ||
| 005 | 20170213121231.0 | ||
| 008 | 990524s2000 orua b 000 0 eng | ||
| 010 | _a 99063860 | ||
| 020 | _a1564841502 (spiral bound : acidfree paper) | ||
| 040 |
_aDLC _cDLC |
||
| 042 | _apcc | ||
| 043 | _an-us--- | ||
| 050 | 0 | 0 |
_aLB1028.3 _b.N38 2000 |
| 110 | 2 | _aInternational Society for Technology in Education. | |
| 245 | 1 | 0 |
_aNational educational technology standards for students : _bconnecting curriculum and technology / _cInternational Society for Technology in Education. |
| 246 | 3 | 0 | _aConnecting curriculum and technology |
| 260 |
_aEugene, OR : _bInternational Society for Technology in Education, _c2000. |
||
| 300 |
_axii, 373 p. : _bill. ; _c28 cm. |
||
| 504 | _aIncludes bibliographical references (p. 344-362). | ||
| 650 | 0 |
_aEducational technology _xStandards _zUnited States. |
|
| 650 | 0 |
_aTechnological literacy _xStandards _zUnited States. |
|
| 650 | 0 |
_aEducation _xCurricula _xStandards _zUnited States. |
|
| 942 |
_2lcc _cBOOKS _hLB1028.3 .N38 2000 |
||